000 00611nam a2200193 i 4500
001 50787
003 ES-MaACL
005 20250731053435.0
007 t|
008 030806s1931 fr ||||1| fre d
100 1 _aChalles, Robert.
_937825
245 1 0 _aUn colonial au temps de Colbert
_b: memoires de Robert Challes, écrivain du roi /
_cpublies par A. Augustin-Thierry.
260 _aParis :
_bPlon,
_c1931.
300 _a302 p. ;
_c20 cm.
651 4 _aFrancia-
_xHistoria-
_y1643-1715, Luis XIV.
_98682
700 1 _aAugustin-Thierry, A.
_9153191
852 _aES-MaACL
_jA-378
999 _c50787
_d50787